Missing Word: 5-Letter Movies (A-Z) Quiz Stats

Quiz Updated Aug 20, 2015

Challenge
Share
Tweet
Embed
Score 0/25 Timer 04:00
1 Play Today
Hint Answer % Correct
The Day _____ TomorrowAfter
99.6%
Bridget Jones's _____Diary
98.8%
The Silence of the _____Lambs
98.4%
_____ AlmightyBruce
97.7%
The Da _____ CodeVinci
97.4%
_____ Mia!Mamma
95.5%
All _____ on the Western FrontQuiet
93.9%
_____ ClubFight
93.8%
_____ BalboaRocky
93.6%
The _____ SuspectsUsual
93.4%
The Best _____ of Our LivesYears
93.1%
The Sisterhood of the Traveling _____Pants
88.8%
_____ DreddJudge
84.9%
Hint Answer % Correct
Scott Pilgrim vs. the _____World
83.9%
Sweet _____ of SuccessSmell
83.6%
A Night at the _____Opera
81.8%
To Catch a _____Thief
81.7%
Dirty _____Harry
80.9%
Paths of _____Glory
78%
The _____ in the WoodsCabin
77.5%
_____ the DragonEnter
72.1%
Our _____ BrotherIdiot
65.5%
Ice Station _____Zebra
58.3%
The _____ DiariesNanny
45.7%
_____ in the WaterKnife
13.2%

Today's Daily Dose

Missing Word
1971 Movies A-Z

Word Ladder
Complete Tour

Quick Pick
Logo Colors

On This Day
January 19th

You're not logged in!

Compare scores with friends on all Sporcle quizzes.
Sign Up with Email
OR
Log In

You Might Also Like...

Show Comments

Extras

Top Quizzes Today


Score Distribution

Your Account Isn't Verified!

In order to create a playlist on Sporcle, you need to verify the email address you used during registration. Go to your Sporcle Settings to finish the process.